[Event "April 9 Early 2024"]
[Site "Chess.com"]
[Date "2024.04.09"]
[Round "8"]
[White "Goltseva, Ekaterina"]
[Black "Hoffmann, Asa"]
[Result "1/2-1/2"]
[Board "104"]
[WhiteFideId "24173770"]
[BlackFideId "2001470"]
[WhiteTitle "FM"]
[BlackTitle "FM"]
[WhiteElo "2618"]
[BlackElo "2343"]
[WhiteTeam "RUS"]
[BlackTeam "USA"]
[WhiteClock "0:00:02"]
[BlackClock "0:00:06"]
[Variant "Standard"]

1. Nf3 {[%clk 0:03:00]}  d6 {[%clk 0:02:47]} 2. d4 {[%clk 0:02:58]}  Bg4 {[%clk 0:02:44]} 3. c4 {[%clk 0:02:56]}  Nd7 {[%clk 0:02:43]} 4. Nc3 {[%clk 0:02:54]}  e5 {[%clk 0:02:43]} 5. e4 {[%clk 0:02:43]}  Ngf6 {[%clk 0:02:43]} 6. Be2 {[%clk 0:02:40]}  c6 {[%clk 0:02:41]} 7. O-O {[%clk 0:02:34]}  Be7 {[%clk 0:02:40]} 8. Be3 {[%clk 0:02:23]}  Qc7 {[%clk 0:02:40]} 9. b4 {[%clk 0:02:16]}  O-O {[%clk 0:02:39]} 10. Rc1 {[%clk 0:02:09]}  a6 {[%clk 0:02:38]} 11. a4 {[%clk 0:02:03]}  Rfe8 {[%clk 0:02:37]} 12. a5 {[%clk 0:01:53]}  Bf8 {[%clk 0:02:28]} 13. dxe5 {[%clk 0:01:39]}  dxe5 {[%clk 0:02:27]} 14. Nd2 {[%clk 0:01:34]}  Bxe2 {[%clk 0:02:20]} 15. Qxe2 {[%clk 0:01:34]}  Bxb4 {[%clk 0:02:19]} 16. f4 {[%clk 0:01:26]}  Bxa5 {[%clk 0:02:00]} 17. f5 {[%clk 0:01:19]}  Bb6 {[%clk 0:01:57]} 18. Rb1 {[%clk 0:01:12]}  Bxe3+ {[%clk 0:01:56]} 19. Qxe3 {[%clk 0:01:13]}  b5 {[%clk 0:01:55]} 20. Rfc1 {[%clk 0:01:04]}  Qa7 {[%clk 0:01:42]} 21. Qxa7 {[%clk 0:01:04]}  Rxa7 {[%clk 0:01:42]} 22. Nb3 {[%clk 0:01:05]}  b4 {[%clk 0:01:37]} 23. Na2 {[%clk 0:01:05]}  a5 {[%clk 0:01:32]} 24. Nxa5 {[%clk 0:01:05]}  Rxa5 {[%clk 0:01:29]} 25. Nxb4 {[%clk 0:01:06]}  Rc8 {[%clk 0:01:18]} 26. Rd1 {[%clk 0:01:05]}  Nf8 {[%clk 0:01:14]} 27. Rd6 {[%clk 0:01:02]}  Nxe4 {[%clk 0:01:13]} 28. Rxc6 {[%clk 0:01:02]}  Rb8 {[%clk 0:01:11]} 29. Re1 {[%clk 0:00:43]}  Rxb4 {[%clk 0:01:07]} 30. Rxe4 {[%clk 0:00:44]}  f6 {[%clk 0:01:07]} 31. Re2 {[%clk 0:00:39]}  Ra7 {[%clk 0:00:53]} 32. Rc2 {[%clk 0:00:36]}  e4 {[%clk 0:00:50]} 33. Kf2 {[%clk 0:00:31]}  Nd7 {[%clk 0:00:49]} 34. Rc8+ {[%clk 0:00:30]}  Kf7 {[%clk 0:00:49]} 35. c5 {[%clk 0:00:30]}  Ne5 {[%clk 0:00:46]} 36. c6 {[%clk 0:00:27]}  g6 {[%clk 0:00:25]} 37. c7 {[%clk 0:00:24]}  gxf5 {[%clk 0:00:15]} 38. Rf8+ {[%clk 0:00:23]}  Kxf8 {[%clk 0:00:14]} 39. c8=Q+ {[%clk 0:00:24]}  Kg7 {[%clk 0:00:14]} 40. Qxf5 {[%clk 0:00:20]}  Ra3 {[%clk 0:00:13]} 41. Rc7+ {[%clk 0:00:19]}  Nf7 {[%clk 0:00:11]} 42. Qg4+ {[%clk 0:00:12]}  Kf8 {[%clk 0:00:10]} 43. Qc8+ {[%clk 0:00:08]}  Kg7 {[%clk 0:00:10]} 44. Rc2 {[%clk 0:00:08]}  e3+ {[%clk 0:00:09]} 45. Ke2 {[%clk 0:00:08]}  Ne5 {[%clk 0:00:09]} 46. Rc7+ {[%clk 0:00:08]}  Kg6 {[%clk 0:00:08]} 47. Qg8+ {[%clk 0:00:07]}  Kf5 {[%clk 0:00:08]} 48. Qxh7+ {[%clk 0:00:07]}  Ke6 {[%clk 0:00:07]} 49. Qe7+ {[%clk 0:00:06]}  Kf5 {[%clk 0:00:06]} 50. Qh7+ {[%clk 0:00:06]}  Ke6 {[%clk 0:00:06]} 51. Qg8+ {[%clk 0:00:05]}  Kf5 {[%clk 0:00:06]} 52. Qh7+ {[%clk 0:00:02]} 1/2-1/2

[Event "April 9 Early 2024"]
[Site "Chess.com"]
[Date "2024.04.09"]
[Round "8"]
[White "Sreyas Payyappat"]
[Black "Agasarov, Benik"]
[Result "0-1"]
[Board "106"]
[WhiteFideId "46674969"]
[BlackFideId "13314823"]
[WhiteTitle "FM"]
[BlackTitle "FM"]
[WhiteElo "2524"]
[BlackElo "2811"]
[WhiteTeam "IND"]
[BlackTeam "ARM"]
[WhiteClock "0:00:37"]
[BlackClock "0:00:25"]
[Variant "Standard"]

1. e4 {[%clk 0:03:00]}  e5 {[%clk 0:02:59]} 2. Nf3 {[%clk 0:03:00]}  Nc6 {[%clk 0:02:59]} 3. Bc4 {[%clk 0:03:00]}  Nf6 {[%clk 0:02:59]} 4. d4 {[%clk 0:02:59]}  exd4 {[%clk 0:02:55]} 5. e5 {[%clk 0:03:00]}  d5 {[%clk 0:02:55]} 6. Bb5 {[%clk 0:02:59]}  Nd7 {[%clk 0:02:52]} 7. O-O {[%clk 0:02:58]}  Be7 {[%clk 0:02:45]} 8. Bxc6 {[%clk 0:02:54]}  bxc6 {[%clk 0:02:45]} 9. Nxd4 {[%clk 0:02:52]}  Nb8 {[%clk 0:02:45]} 10. e6 {[%clk 0:02:51]}  O-O {[%clk 0:02:39]} 11. Re1 {[%clk 0:02:48]}  fxe6 {[%clk 0:02:29]} 12. Nxe6 {[%clk 0:02:42]}  Bxe6 {[%clk 0:02:30]} 13. Rxe6 {[%clk 0:02:42]}  Bc5 {[%clk 0:02:28]} 14. Be3 {[%clk 0:02:40]}  Bxe3 {[%clk 0:02:25]} 15. Rxe3 {[%clk 0:02:38]}  Qf6 {[%clk 0:02:25]} 16. Rf3 {[%clk 0:02:31]}  Qxb2 {[%clk 0:02:23]} 17. Rxf8+ {[%clk 0:02:31]}  Kxf8 {[%clk 0:02:24]} 18. Nd2 {[%clk 0:02:29]}  Nd7 {[%clk 0:02:23]} 19. Rb1 {[%clk 0:02:26]}  Qf6 {[%clk 0:02:17]} 20. Rb3 {[%clk 0:02:23]}  Kg8 {[%clk 0:02:12]} 21. Rf3 {[%clk 0:02:21]}  Qd6 {[%clk 0:02:10]} 22. Nb3 {[%clk 0:02:07]}  Re8 {[%clk 0:02:08]} 23. h3 {[%clk 0:02:02]}  c5 {[%clk 0:02:02]} 24. Rd3 {[%clk 0:02:00]}  Nf6 {[%clk 0:01:51]} 25. c4 {[%clk 0:01:49]}  d4 {[%clk 0:01:48]} 26. g3 {[%clk 0:01:43]}  Qc6 {[%clk 0:01:43]} 27. Qf3 {[%clk 0:01:39]}  Qxf3 {[%clk 0:01:38]} 28. Rxf3 {[%clk 0:01:40]}  Ne4 {[%clk 0:01:38]} 29. Rf5 {[%clk 0:01:36]}  Rd8 {[%clk 0:01:26]} 30. Re5 {[%clk 0:01:31]}  Nc3 {[%clk 0:01:16]} 31. Kf1 {[%clk 0:01:27]}  Nxa2 {[%clk 0:01:12]} 32. Rxc5 {[%clk 0:01:18]}  Rd7 {[%clk 0:01:06]} 33. Ke2 {[%clk 0:01:11]}  Nb4 {[%clk 0:00:53]} 34. Rb5 {[%clk 0:01:04]}  Nc6 {[%clk 0:00:52]} 35. Kd3 {[%clk 0:01:03]}  a6 {[%clk 0:00:51]} 36. Rc5 {[%clk 0:01:00]}  Nb4+ {[%clk 0:00:50]} 37. Kd2 {[%clk 0:00:58]}  d3 {[%clk 0:00:43]} 38. Kc3 {[%clk 0:00:50]}  Na2+ {[%clk 0:00:35]} 39. Kb2 {[%clk 0:00:48]}  d2 {[%clk 0:00:35]} 40. Nxd2 {[%clk 0:00:44]}  Rxd2+ {[%clk 0:00:36]} 41. Kb3 {[%clk 0:00:45]}  Nc1+ {[%clk 0:00:33]} 42. Kc3 {[%clk 0:00:44]}  Rxf2 {[%clk 0:00:33]} 43. Rxc7 {[%clk 0:00:44]}  Rf3+ {[%clk 0:00:32]} 44. Kc2 {[%clk 0:00:43]}  Na2 {[%clk 0:00:32]} 45. c5 {[%clk 0:00:42]}  Nb4+ {[%clk 0:00:31]} 46. Kb2 {[%clk 0:00:42]}  Rxg3 {[%clk 0:00:31]} 47. Rb7 {[%clk 0:00:43]}  a5 {[%clk 0:00:30]} 48. Rb6 {[%clk 0:00:37]}  Nd3+ {[%clk 0:00:25]} 0-1

[Event "April 9 Early 2024"]
[Site "Chess.com"]
[Date "2024.04.09"]
[Round "8"]
[White "Tigran Mukhutdinov"]
[Black "Collins, Adam"]
[Result "1-0"]
[Board "110"]
[WhiteFideId "34108570"]
[BlackFideId "2512300"]
[WhiteTitle "FM"]
[BlackTitle "CM"]
[WhiteElo "2686"]
[BlackElo "2504"]
[WhiteTeam "RUS"]
[BlackTeam "IRL"]
[WhiteClock "0:00:49"]
[BlackClock "0:00:01"]
[Variant "Standard"]

1. e4 {[%clk 0:03:00]}  a6 {[%clk 0:03:00]} 2. d4 {[%clk 0:02:58]}  b5 {[%clk 0:03:00]} 3. a4 {[%clk 0:02:57]}  b4 {[%clk 0:02:58]} 4. f3 {[%clk 0:02:57]}  Bb7 {[%clk 0:02:58]} 5. Bd3 {[%clk 0:02:56]}  e6 {[%clk 0:02:59]} 6. Be3 {[%clk 0:02:56]}  Nf6 {[%clk 0:02:57]} 7. Nd2 {[%clk 0:02:56]}  Be7 {[%clk 0:02:58]} 8. Ne2 {[%clk 0:02:56]}  d6 {[%clk 0:02:55]} 9. O-O {[%clk 0:02:57]}  c5 {[%clk 0:02:55]} 10. c3 {[%clk 0:02:57]}  a5 {[%clk 0:02:50]} 11. g4 {[%clk 0:02:47]}  Nc6 {[%clk 0:02:41]} 12. Bb5 {[%clk 0:02:44]}  Qc7 {[%clk 0:02:29]} 13. Nc4 {[%clk 0:02:41]}  O-O {[%clk 0:02:22]} 14. dxc5 {[%clk 0:02:38]}  dxc5 {[%clk 0:02:21]} 15. Bf4 {[%clk 0:02:38]}  Qd8 {[%clk 0:02:07]} 16. Ng3 {[%clk 0:02:26]}  Nd7 {[%clk 0:01:37]} 17. Nd6 {[%clk 0:02:23]}  Qb6 {[%clk 0:01:34]} 18. Nxb7 {[%clk 0:02:16]}  Qxb7 {[%clk 0:01:35]} 19. Bd6 {[%clk 0:02:10]}  Nde5 {[%clk 0:01:26]} 20. Bxe7 {[%clk 0:02:04]}  Nxe7 {[%clk 0:01:15]} 21. Qd6 {[%clk 0:01:59]}  N7g6 {[%clk 0:01:12]} 22. Rad1 {[%clk 0:01:46]}  Qe7 {[%clk 0:00:53]} 23. Qxe7 {[%clk 0:01:35]}  Nxe7 {[%clk 0:00:53]} 24. h3 {[%clk 0:01:35]}  g5 {[%clk 0:00:41]} 25. Kf2 {[%clk 0:01:32]}  Rfd8 {[%clk 0:00:39]} 26. Nh5 {[%clk 0:01:32]}  N7g6 {[%clk 0:00:38]} 27. Ke3 {[%clk 0:01:30]}  Nh4 {[%clk 0:00:37]} 28. Rxd8+ {[%clk 0:01:19]}  Rxd8 {[%clk 0:00:34]} 29. Rf2 {[%clk 0:01:09]}  Rd1 {[%clk 0:00:31]} 30. f4 {[%clk 0:01:10]}  gxf4+ {[%clk 0:00:29]} 31. Nxf4 {[%clk 0:01:08]}  Re1+ {[%clk 0:00:26]} 32. Kd2 {[%clk 0:01:09]}  Rxe4 {[%clk 0:00:23]} 33. Nh5 {[%clk 0:01:08]}  Nhf3+ {[%clk 0:00:20]} 34. Kc2 {[%clk 0:01:08]}  Re3 {[%clk 0:00:16]} 35. Be2 {[%clk 0:01:01]}  Ng1 {[%clk 0:00:13]} 36. Bf1 {[%clk 0:00:59]}  Nxh3 {[%clk 0:00:13]} 37. Rd2 {[%clk 0:00:58]}  h6 {[%clk 0:00:09]} 38. Rd8+ {[%clk 0:00:55]}  Kh7 {[%clk 0:00:09]} 39. Bb5 {[%clk 0:00:52]}  Nf2 {[%clk 0:00:08]} 40. Rc8 {[%clk 0:00:48]}  c4 {[%clk 0:00:06]} 41. cxb4 {[%clk 0:00:48]}  axb4 {[%clk 0:00:06]} 42. Bxc4 {[%clk 0:00:47]}  Nxc4 {[%clk 0:00:05]} 43. Rxc4 {[%clk 0:00:48]}  b3+ {[%clk 0:00:05]} 44. Kd2 {[%clk 0:00:48]}  Rd3+ {[%clk 0:00:06]} 45. Ke2 {[%clk 0:00:49]}  Rd5 {[%clk 0:00:02]} 46. Kxf2 {[%clk 0:00:48]}  f5 {[%clk 0:00:03]} 47. Nf6+ {[%clk 0:00:48]}  Kg6 {[%clk 0:00:01]} 48. Nxd5 {[%clk 0:00:49]} 1-0

[Event "April 9 Early 2024"]
[Site "Chess.com"]
[Date "2024.04.09"]
[Round "8"]
[White "Kotlyar, Kirill"]
[Black "Hrbek, Stepan"]
[Result "0-1"]
[Board "112"]
[WhiteFideId "24145599"]
[BlackFideId "393479"]
[WhiteTitle "FM"]
[BlackTitle "IM"]
[WhiteElo "2649"]
[BlackElo "2499"]
[WhiteTeam "RUS"]
[BlackTeam "CZE"]
[WhiteClock "0:01:18"]
[BlackClock "0:01:03"]
[Variant "Standard"]

1. f4 {[%clk 0:03:00]}  Nh6 {[%clk 0:02:58]} 2. Nf3 {[%clk 0:03:00]}  d5 {[%clk 0:02:58]} 3. g3 {[%clk 0:03:01]}  g6 {[%clk 0:02:59]} 4. Bg2 {[%clk 0:03:01]}  Bg7 {[%clk 0:02:59]} 5. O-O {[%clk 0:03:01]}  O-O {[%clk 0:03:00]} 6. d3 {[%clk 0:03:01]}  d4 {[%clk 0:02:59]} 7. c4 {[%clk 0:02:50]}  Nc6 {[%clk 0:02:55]} 8. a3 {[%clk 0:02:43]}  a5 {[%clk 0:02:53]} 9. h3 {[%clk 0:02:37]}  Nf5 {[%clk 0:02:45]} 10. g4 {[%clk 0:02:35]}  Ne3 {[%clk 0:02:44]} 11. Bxe3 {[%clk 0:02:34]}  dxe3 {[%clk 0:02:45]} 12. Nc3 {[%clk 0:02:33]}  e5 {[%clk 0:02:45]} 13. fxe5 {[%clk 0:02:32]}  Nxe5 {[%clk 0:02:45]} 14. Qc1 {[%clk 0:02:23]}  Nxf3+ {[%clk 0:02:37]} 15. Rxf3 {[%clk 0:02:24]}  f5 {[%clk 0:02:36]} 16. Kh1 {[%clk 0:02:15]}  f4 {[%clk 0:02:09]} 17. Nd5 {[%clk 0:01:56]}  g5 {[%clk 0:02:03]} 18. Rb1 {[%clk 0:01:55]}  c6 {[%clk 0:02:03]} 19. Nc3 {[%clk 0:01:55]}  h5 {[%clk 0:02:01]} 20. gxh5 {[%clk 0:01:52]}  g4 {[%clk 0:02:01]} 21. hxg4 {[%clk 0:01:52]}  Bxg4 {[%clk 0:02:02]} 22. Rf1 {[%clk 0:01:52]}  Qh4+ {[%clk 0:02:01]} 23. Kg1 {[%clk 0:01:51]}  f3 {[%clk 0:01:20]} 24. Bxf3 {[%clk 0:01:27]}  Be5 {[%clk 0:01:07]} 25. Re1 {[%clk 0:01:19]}  Qh2+ {[%clk 0:01:06]} 26. Kf1 {[%clk 0:01:18]}  Qf2# {[%clk 0:01:03]} 0-1

[Event "April 9 Early 2024"]
[Site "Chess.com"]
[Date "2024.04.09"]
[Round "8"]
[White "Estrada Nieto, Julian"]
[Black "Dixit, Nikhil"]
[Result "1-0"]
[Board "115"]
[WhiteFideId "5101018"]
[BlackFideId "5059534"]
[WhiteTitle "IM"]
[BlackTitle "FM"]
[WhiteElo "2477"]
[BlackElo "2614"]
[WhiteTeam "MEX"]
[BlackTeam "IND"]
[WhiteClock "0:00:44"]
[BlackClock "0:00:07"]
[Variant "Standard"]

1. e4 {[%clk 0:02:54]}  c5 {[%clk 0:02:59]} 2. Nf3 {[%clk 0:02:53]}  a6 {[%clk 0:02:51]} 3. c3 {[%clk 0:02:53]}  b6 {[%clk 0:02:49]} 4. d4 {[%clk 0:02:52]}  Bb7 {[%clk 0:02:48]} 5. d5 {[%clk 0:02:52]}  Nf6 {[%clk 0:02:46]} 6. Bd3 {[%clk 0:02:50]}  g6 {[%clk 0:02:46]} 7. O-O {[%clk 0:02:49]}  Bg7 {[%clk 0:02:46]} 8. c4 {[%clk 0:02:50]}  O-O {[%clk 0:02:45]} 9. e5 {[%clk 0:02:41]}  Ne8 {[%clk 0:02:45]} 10. Bf4 {[%clk 0:02:39]}  e6 {[%clk 0:02:45]} 11. Nc3 {[%clk 0:02:30]}  d6 {[%clk 0:02:43]} 12. Be4 {[%clk 0:02:22]}  dxe5 {[%clk 0:02:28]} 13. Bxe5 {[%clk 0:02:22]}  Bxe5 {[%clk 0:02:25]} 14. Nxe5 {[%clk 0:02:22]}  Nd6 {[%clk 0:02:25]} 15. Bf3 {[%clk 0:02:11]}  Qg5 {[%clk 0:02:20]} 16. Re1 {[%clk 0:02:07]}  f6 {[%clk 0:01:13]} 17. Nc6 {[%clk 0:01:57]}  e5 {[%clk 0:01:09]} 18. b3 {[%clk 0:01:47]}  Kf7 {[%clk 0:00:50]} 19. g3 {[%clk 0:01:41]}  Nd7 {[%clk 0:00:45]} 20. h4 {[%clk 0:01:38]}  Qh6 {[%clk 0:00:44]} 21. Bg4 {[%clk 0:01:33]}  f5 {[%clk 0:00:39]} 22. Nxe5+ {[%clk 0:01:25]}  Nxe5 {[%clk 0:00:37]} 23. Rxe5 {[%clk 0:01:26]}  fxg4 {[%clk 0:00:38]} 24. Qxg4 {[%clk 0:01:14]}  Nf5 {[%clk 0:00:36]} 25. Ne4 {[%clk 0:01:08]}  Kg8 {[%clk 0:00:29]} 26. Ng5 {[%clk 0:01:04]}  Qg7 {[%clk 0:00:27]} 27. Rae1 {[%clk 0:01:03]}  Qf6 {[%clk 0:00:18]} 28. h5 {[%clk 0:00:54]}  Nh6 {[%clk 0:00:16]} 29. Qe2 {[%clk 0:00:52]}  gxh5 {[%clk 0:00:17]} 30. f4 {[%clk 0:00:49]}  Ng4 {[%clk 0:00:16]} 31. Re7 {[%clk 0:00:45]}  Qd4+ {[%clk 0:00:17]} 32. Kg2 {[%clk 0:00:45]}  Rad8 {[%clk 0:00:07]} 33. Qe6+ {[%clk 0:00:44]} 1-0

[Event "April 9 Early 2024"]
[Site "Chess.com"]
[Date "2024.04.09"]
[Round "8"]
[White "Solcan, Martin"]
[Black "Camacho Collados, Jose"]
[Result "1-0"]
[Board "118"]
[WhiteFideId "14946718"]
[BlackFideId "2265427"]
[WhiteTitle "CM"]
[BlackTitle "IM"]
[WhiteElo "2457"]
[BlackElo "2606"]
[WhiteTeam "SVK"]
[BlackTeam "WLS"]
[WhiteClock "0:00:29"]
[BlackClock "0:00:03"]
[Variant "Standard"]

1. g3 {[%clk 0:03:00]}  e5 {[%clk 0:02:57]} 2. c4 {[%clk 0:02:59]}  Nf6 {[%clk 0:02:56]} 3. Bg2 {[%clk 0:02:59]}  Nc6 {[%clk 0:02:57]} 4. Nc3 {[%clk 0:02:58]}  Bb4 {[%clk 0:02:57]} 5. Nd5 {[%clk 0:02:58]}  Bc5 {[%clk 0:02:55]} 6. e3 {[%clk 0:02:57]}  O-O {[%clk 0:02:53]} 7. Ne2 {[%clk 0:02:57]}  Nxd5 {[%clk 0:02:48]} 8. cxd5 {[%clk 0:02:57]}  Ne7 {[%clk 0:02:46]} 9. O-O {[%clk 0:02:56]}  d6 {[%clk 0:02:46]} 10. d4 {[%clk 0:02:56]}  exd4 {[%clk 0:02:44]} 11. Nxd4 {[%clk 0:02:57]}  Nf5 {[%clk 0:02:42]} 12. Nxf5 {[%clk 0:02:54]}  Bxf5 {[%clk 0:02:43]} 13. e4 {[%clk 0:02:54]}  Bg6 {[%clk 0:02:40]} 14. b4 {[%clk 0:02:43]}  Bb6 {[%clk 0:02:29]} 15. a4 {[%clk 0:02:40]}  a5 {[%clk 0:02:25]} 16. b5 {[%clk 0:02:38]}  Re8 {[%clk 0:02:24]} 17. Re1 {[%clk 0:02:36]}  Qf6 {[%clk 0:02:05]} 18. Ra2 {[%clk 0:02:23]}  Re7 {[%clk 0:02:05]} 19. h4 {[%clk 0:02:13]}  h6 {[%clk 0:02:03]} 20. Kh2 {[%clk 0:02:03]}  Rae8 {[%clk 0:01:47]} 21. f3 {[%clk 0:02:01]}  Qc3 {[%clk 0:01:39]} 22. Qd2 {[%clk 0:01:47]}  Qxd2 {[%clk 0:01:31]} 23. Bxd2 {[%clk 0:01:48]}  f5 {[%clk 0:01:31]} 24. Be3 {[%clk 0:01:27]}  Bxe3 {[%clk 0:01:07]} 25. Rxe3 {[%clk 0:01:26]}  fxe4 {[%clk 0:01:07]} 26. fxe4 {[%clk 0:01:22]}  Re5 {[%clk 0:00:56]} 27. Rae2 {[%clk 0:01:17]}  Rf8 {[%clk 0:00:55]} 28. g4 {[%clk 0:01:14]}  h5 {[%clk 0:00:53]} 29. g5 {[%clk 0:01:11]}  Rfe8 {[%clk 0:00:34]} 30. Kg3 {[%clk 0:01:10]}  R8e7 {[%clk 0:00:31]} 31. Bh3 {[%clk 0:01:02]}  Rxe4 {[%clk 0:00:29]} 32. Be6+ {[%clk 0:01:02]}  R7xe6 {[%clk 0:00:22]} 33. dxe6 {[%clk 0:01:03]}  Rxa4 {[%clk 0:00:15]} 34. e7 {[%clk 0:01:03]}  Be8 {[%clk 0:00:13]} 35. Rf2 {[%clk 0:01:03]}  Rg4+ {[%clk 0:00:14]} 36. Kh3 {[%clk 0:01:03]}  Bxb5 {[%clk 0:00:14]} 37. Rf8+ {[%clk 0:01:02]}  Kh7 {[%clk 0:00:14]} 38. e8=Q {[%clk 0:00:43]}  Bxe8 {[%clk 0:00:14]} 39. Rfxe8 {[%clk 0:00:38]}  a4 {[%clk 0:00:13]} 40. Rb8 {[%clk 0:00:35]}  b6 {[%clk 0:00:12]} 41. Rb7 {[%clk 0:00:35]}  Rc4 {[%clk 0:00:10]} 42. Re7 {[%clk 0:00:35]}  a3 {[%clk 0:00:08]} 43. Rexc7 {[%clk 0:00:32]}  Rxc7 {[%clk 0:00:07]} 44. Rxc7 {[%clk 0:00:33]}  b5 {[%clk 0:00:05]} 45. Rb7 {[%clk 0:00:29]}  a2 {[%clk 0:00:03]} 46. Ra7 {[%clk 0:00:29]}  Kg6 {[%clk 0:00:04]} 47. Rxa2 {[%clk 0:00:29]}  Kf5 {[%clk 0:00:05]} 48. Rb2 {[%clk 0:00:29]}  Ke4 {[%clk 0:00:04]} 49. Rxb5 {[%clk 0:00:30]}  d5 {[%clk 0:00:04]} 50. Rb7 {[%clk 0:00:30]}  g6 {[%clk 0:00:05]} 51. Rb6 {[%clk 0:00:30]}  d4 {[%clk 0:00:04]} 52. Rxg6 {[%clk 0:00:30]}  Ke5 {[%clk 0:00:04]} 53. Rg8 {[%clk 0:00:30]}  d3 {[%clk 0:00:05]} 54. Rd8 {[%clk 0:00:29]}  d2 {[%clk 0:00:03]} 55. Rxd2 {[%clk 0:00:29]} 1-0

[Event "April 9 Early 2024"]
[Site "Chess.com"]
[Date "2024.04.09"]
[Round "8"]
[White "Bravo De La Vega, Alvaro"]
[Black "Bartel, Michal"]
[Result "1-0"]
[Board "121"]
[WhiteFideId "24570672"]
[BlackFideId "1119257"]
[WhiteTitle "CM"]
[BlackTitle "FM"]
[WhiteElo "2428"]
[BlackElo "2590"]
[WhiteTeam "ESP"]
[BlackTeam "POL"]
[WhiteClock "0:00:15"]
[BlackClock "0:01:08"]
[Variant "Standard"]

1. Nf3 {[%clk 0:03:00]}  d5 {[%clk 0:02:58]} 2. g3 {[%clk 0:03:00]}  Bg4 {[%clk 0:02:56]} 3. Ne5 {[%clk 0:02:59]}  Bh5 {[%clk 0:02:55]} 4. c4 {[%clk 0:03:00]}  f6 {[%clk 0:02:52]} 5. Nd3 {[%clk 0:02:51]}  dxc4 {[%clk 0:02:51]} 6. Qa4+ {[%clk 0:02:51]}  Nd7 {[%clk 0:02:48]} 7. Nc5 {[%clk 0:02:42]}  b6 {[%clk 0:02:34]} 8. Ne6 {[%clk 0:02:23]}  Qc8 {[%clk 0:02:30]} 9. Bg2 {[%clk 0:02:23]}  Rb8 {[%clk 0:02:28]} 10. Qxa7 {[%clk 0:02:16]}  Nh6 {[%clk 0:02:14]} 11. Bd5 {[%clk 0:01:52]}  Bf7 {[%clk 0:02:03]} 12. Nxc7+ {[%clk 0:01:49]}  Kd8 {[%clk 0:02:03]} 13. Bxf7 {[%clk 0:01:39]}  Qxc7 {[%clk 0:01:56]} 14. Qxc7+ {[%clk 0:01:38]}  Kxc7 {[%clk 0:01:57]} 15. Bxc4 {[%clk 0:01:38]}  e5 {[%clk 0:01:56]} 16. Nc3 {[%clk 0:01:36]}  Bc5 {[%clk 0:01:51]} 17. b4 {[%clk 0:01:34]}  Bd4 {[%clk 0:01:51]} 18. Nb5+ {[%clk 0:01:33]}  Kd8 {[%clk 0:01:48]} 19. Nxd4 {[%clk 0:01:33]}  exd4 {[%clk 0:01:49]} 20. Bb2 {[%clk 0:01:33]}  Ne5 {[%clk 0:01:49]} 21. d3 {[%clk 0:01:21]}  Re8 {[%clk 0:01:49]} 22. Kd2 {[%clk 0:01:16]}  Nhg4 {[%clk 0:01:42]} 23. Bxd4 {[%clk 0:01:12]}  Nc6 {[%clk 0:01:42]} 24. Be3 {[%clk 0:01:01]}  Nxe3 {[%clk 0:01:39]} 25. fxe3 {[%clk 0:01:01]}  Nxb4 {[%clk 0:01:40]} 26. Rab1 {[%clk 0:00:59]}  Nc6 {[%clk 0:01:40]} 27. Bb5 {[%clk 0:00:49]}  Re6 {[%clk 0:01:40]} 28. Bxc6 {[%clk 0:00:46]}  Rxc6 {[%clk 0:01:41]} 29. Rhc1 {[%clk 0:00:45]}  Rd6 {[%clk 0:01:41]} 30. Rb2 {[%clk 0:00:44]}  Ra8 {[%clk 0:01:41]} 31. Rcb1 {[%clk 0:00:44]}  Kc7 {[%clk 0:01:41]} 32. e4 {[%clk 0:00:39]}  Ra4 {[%clk 0:01:41]} 33. Ke3 {[%clk 0:00:34]}  h5 {[%clk 0:01:41]} 34. Rc1+ {[%clk 0:00:34]}  Kb7 {[%clk 0:01:39]} 35. Rc3 {[%clk 0:00:32]}  Ra5 {[%clk 0:01:31]} 36. h4 {[%clk 0:00:26]}  Ra4 {[%clk 0:01:31]} 37. a3 {[%clk 0:00:20]}  Ra5 {[%clk 0:01:31]} 38. Rb4 {[%clk 0:00:21]}  Ra8 {[%clk 0:01:30]} 39. Rd4 {[%clk 0:00:21]}  Rxd4 {[%clk 0:01:27]} 40. Kxd4 {[%clk 0:00:21]}  Rd8+ {[%clk 0:01:26]} 41. Kc4 {[%clk 0:00:21]}  Rc8+ {[%clk 0:01:26]} 42. Kb4 {[%clk 0:00:21]}  Rd8 {[%clk 0:01:26]} 43. e3 {[%clk 0:00:22]}  Re8 {[%clk 0:01:25]} 44. Rc4 {[%clk 0:00:21]}  Re5 {[%clk 0:01:24]} 45. Rd4 {[%clk 0:00:21]}  Kc6 {[%clk 0:01:24]} 46. Kc3 {[%clk 0:00:21]}  Kc7 {[%clk 0:01:23]} 47. Rd5 {[%clk 0:00:21]}  Re8 {[%clk 0:01:23]} 48. Rxh5 {[%clk 0:00:20]}  Ra8 {[%clk 0:01:23]} 49. Kb3 {[%clk 0:00:21]}  Rd8 {[%clk 0:01:23]} 50. Rd5 {[%clk 0:00:21]}  Ra8 {[%clk 0:01:23]} 51. Rd4 {[%clk 0:00:21]}  Re8 {[%clk 0:01:23]} 52. Rc4+ {[%clk 0:00:21]}  Kb7 {[%clk 0:01:22]} 53. Rc3 {[%clk 0:00:19]}  Re5 {[%clk 0:01:21]} 54. Kc4 {[%clk 0:00:19]}  Ra5 {[%clk 0:01:20]} 55. d4 {[%clk 0:00:18]}  Kc6 {[%clk 0:01:19]} 56. Kd3+ {[%clk 0:00:19]}  Kd6 {[%clk 0:01:20]} 57. Rb3 {[%clk 0:00:19]}  Kc6 {[%clk 0:01:20]} 58. Ke2 {[%clk 0:00:19]}  g5 {[%clk 0:01:17]} 59. h5 {[%clk 0:00:19]}  g4 {[%clk 0:01:18]} 60. d5+ {[%clk 0:00:18]}  Kc7 {[%clk 0:01:17]} 61. h6 {[%clk 0:00:18]}  Ra8 {[%clk 0:01:18]} 62. Rb1 {[%clk 0:00:18]}  Rxa3 {[%clk 0:01:16]} 63. h7 {[%clk 0:00:18]}  Ra2+ {[%clk 0:01:16]} 64. Kd3 {[%clk 0:00:16]}  Rh2 {[%clk 0:01:17]} 65. Rc1+ {[%clk 0:00:17]}  Kb7 {[%clk 0:01:17]} 66. Rc6 {[%clk 0:00:17]}  Rxh7 {[%clk 0:01:17]} 67. Rxf6 {[%clk 0:00:17]}  Rh3 {[%clk 0:01:18]} 68. e5 {[%clk 0:00:16]}  Rxg3 {[%clk 0:01:18]} 69. Rf7+ {[%clk 0:00:16]}  Kc8 {[%clk 0:01:19]} 70. d6 {[%clk 0:00:17]}  Rg1 {[%clk 0:01:18]} 71. Ke4 {[%clk 0:00:17]}  g3 {[%clk 0:01:18]} 72. e6 {[%clk 0:00:17]}  g2 {[%clk 0:01:18]} 73. Rf8+ {[%clk 0:00:14]}  Kb7 {[%clk 0:01:18]} 74. e7 {[%clk 0:00:15]}  Re1 {[%clk 0:01:17]} 75. Rg8 {[%clk 0:00:14]}  g1=Q {[%clk 0:01:14]} 76. Rxg1 {[%clk 0:00:14]}  Rxg1 {[%clk 0:01:14]} 77. e8=Q {[%clk 0:00:15]}  Rg8 {[%clk 0:01:08]} 78. Qxg8 {[%clk 0:00:15]} 1-0